Loading...
| Science - Other | 0 | 7 | 0 | 1 | 70 | 71 | 101.00 | 0 | 6 | 0.00 | 0.00 |
| Science - Chemistry | 0 | 6 | 1 | 2 | 55 | 37 | 95.83 | 0 | 3 | 0.00 | 0.00 |
| History - European | 0 | 4 | 0 | 0 | 40 | 51 | 94.50 | 1 | 3 | 0.00 | 0.00 |
| Science - Physics | 0 | 5 | 2 | 0 | 40 | 49 | 92.80 | 3 | 4 | 0.00 | 0.00 |
| History - Other | 0 | 4 | 1 | 1 | 35 | 60 | 103.50 | 0 | 2 | 0.00 | 0.00 |
| History - American | 0 | 4 | 1 | 0 | 35 | 85 | 95.00 | 0 | 3 | 0.00 | 0.00 |
| Fine Arts - Other | 0 | 3 | 0 | 0 | 30 | 48 | 88.00 | 1 | 3 | 0.00 | 0.00 |
| Social Science | 0 | 3 | 0 | 1 | 30 | 114 | 118.33 | 0 | 1 | 0.00 | 0.00 |
| History - World | 0 | 4 | 3 | 0 | 25 | 84 | 104.50 | 0 | 3 | 0.00 | 0.00 |
| Religion | 0 | 3 | 1 | 0 | 25 | 100 | 112.00 | 0 | 2 | 0.00 | 0.00 |
| Literature - British | 0 | 2 | 0 | 0 | 20 | 137 | 137.50 | 0 | 1 | 0.00 | 0.00 |
| Geography | 0 | 2 | 0 | 0 | 20 | 73 | 76.50 | 1 | 2 | 0.00 | 0.00 |
| Pop Culture | 0 | 2 | 0 | 0 | 20 | 58 | 68.50 | 1 | 2 | 0.00 | 0.00 |
| Current Events | 0 | 1 | 0 | 0 | 10 | 110 | 110.00 | 0 | 0 | 0.00 | 0.00 |
| Literature - American | 0 | 1 | 0 | 0 | 10 | 87 | 87.00 | 0 | 0 | 0.00 | 0.00 |
| Philosophy | 0 | 1 | 0 | 0 | 10 | 131 | 131.00 | 0 | 1 | 0.00 | 0.00 |
| Science - Biology | 0 | 2 | 2 | 0 | 10 | 61 | 99.50 | 0 | 1 | 0.00 | 0.00 |
| Fine Arts - Classical Music | 0 | 1 | 0 | 0 | 10 | 134 | 134.00 | 0 | 0 | 0.00 | 0.00 |
| Fine Arts - Painting and Sculpture | 0 | 1 | 1 | 0 | 5 | 103 | 103.00 | 0 | 0 | 0.00 | 0.00 |
| Literature - World | 0 | 0 | 0 | 0 | 0 | 0.00 | 0 | 0 | 0.00 | 0.00 |